Statistics for UEFA Champions League - Final Four

Click here to take the quiz!

General Stats

  • This quiz has been taken 92 times
  • The average score is 24 of 28

Answer Stats

Answer% Correct
Bayern Munich
100%
Chelsea
100%
FC Barcelona
100%
Inter Milan
100%
Manchester United
100%
Milan AC
100%
Real Madrid
100%
Liverpool
99%
Paris Saint-Germain
99%
Atlético Madrid
98%
Juventus
98%
Manchester City
98%
Ajax Amsterdam
96%
Arsenal
96%
Tottenham Hotspur
96%
Borussia Dortmund
95%
FC Porto
94%
Olympique Lyonnais
90%
AS Monaco
86%
Valencia CF
85%
AS Roma
84%
RB Leipzig
80%
Bayer Leverkusen
73%
PSV Eindhoven
64%
Schalke 04
64%
Villarreal
56%
Deportivo La Coruña
49%
Leeds United
41%

Score Distribution

Percentile by Number Answered

Percent of People with Each Score

Your Score History

You have not taken this quiz